000 00436nam a2200169Ia 4500
008 230917s9999||||xx |||||||||||||| ||und||
020 _cRS300
040 _e254689
_aMAIN
041 _aEnglish
082 _a891.2109 R137K
100 _aRajasekhara
245 0 _aKavya-mimamsa
260 _aVaranasi
_bChowkhamba Vidyabhawan
_c2013
300 _a276 p.
500 _a3436 25/02/2019 HBD19/7794 14/03/2019 Sanskrit SAP
942 _cBK
999 _c30674
_d30674